Strategy : (Record no. 76602)

MARC details
000 -LEADER
fixed length control field 00579nam a22001817a 4500
005 - DATE AND TIME OF LATEST TRANSACTION
control field 20130905111230.0
010 ## - LCCN (DPL NO)
LC control number ENG-107586
020 ## - INTERNATIONAL STANDARD BOOK NUMBER
International Standard Book Number 9788132110316
Terms of availability 650.00
035 ## - SYSTEM CONTROL NUMBER
System control number EN-91119
037 ## - SOURCE OF ACQUISITION
Source of stock number/acquisition DBAD/PUB
245 ## - TITLE STATEMENT
Title Strategy :
Statement of responsibility, etc by Stewart Clegg...[et al]
Remainder of title theory and practice /
260 ## - PUBLICATION, DISTRIBUTION, ETC. (IMPRINT)
Place of publication, distribution, etc New Delhi
Name of publisher, distributor, etc Sage Publications
Date of publication, distribution, etc 2011
270 ## - ADDRESS
Address B1/I-1 Mohan Cooperative Industrial Area Mathura Road
City New Delhi
Postal code 110044
300 ## - PHYSICAL DESCRIPTION
Extent xxvii,460p.
Dimensions 23cm(pbk)
500 ## - GENERAL NOTE
General note Includes bibliographical references and index
700 ## - ADDED ENTRY--PERSONAL NAME
Personal name Clegg, Stewart
942 ## - ADDED ENTRY ELEMENTS (KOHA)
Source of classification or shelving scheme Dewey Decimal Classification
Item type English Books
Call number suffix CLE
Holdings
Withdrawn status Lost status Not for loan Collection code Home library Current library Date acquired Source of acquisition Cost, normal purchase price Full call number Barcode Copy number Cost, replacement price Koha item type
    Not For Loan Non-fiction D.B.Act.Division D.B.Act.Division 12/06/2013 DBAD / PUB 650.00 STR EN-91119 1 650.00 English Books

© Delhi Public Library
Hit Counter
free hit counter